Komunikačná kampaň vybraného produktu diplomová práca

Guardado en:
Detalles Bibliográficos
Autor principal: Šustríková, Ivana
Autor Corporativo: Podnikovohospodárska fakulta EU so sídlom v Košiciach. Katedra marketingu a obchodu
Otros Autores: Lieskovská, Vanda, 1961-
Formato: Libro
Lenguaje:eslovaco
Publicado: Košice 2014
Etiquetas: Agregar Etiqueta
Sin Etiquetas, Sea el primero en etiquetar este registro!

MARC

LEADER 00000nbm a2200000 4500
001 0187179
005 20170201084837.7
041 0 |a slo 
044 |a SK 
245 1 0 |a Komunikačná kampaň vybraného produktu  |b diplomová práca  |c Ivana Šustríková ; školiteľ: Vanda Lieskovská 
264 1 |a Košice  |c 2014 
300 |a 75 s. 
100 1 |a Šustríková, Ivana 
700 1 |a Lieskovská, Vanda, 1961- 
710 2 |a Podnikovohospodárska fakulta EU so sídlom v Košiciach. Katedra marketingu a obchodu